Ultimate Harry Potter Characters by Screen Time - Statistics

General Stats
  • This quiz has been taken 2,870 times
  • The average score is 64 of 99
Answer Stats
Minutes Character % Correct
539:15 Harry Potter
100%
205:00 Hermione Granger
99%
211:45 Ron Weasley
99%
77:15 Albus Dumbledore
98%
43:15 Severus Snape
97%
37:15 Lord Voldemort
96%
31:30 Draco Malfoy
95%
19:30 Fred Weasley
95%
30:15 Ginny Weasley
95%
45:45 Rubeus Hagrid
95%
20:00 George Weasley
94%
28:45 Minerva McGonagall
94%
26:00 Remus Lupin
93%
28:15 Neville Longbottom
92%
20:45 Sirius Black
92%
9:45 Molly Weasley
91%
15:45 Arthur Weasley
90%
15:15 Lucius Malfoy
90%
10:30 Bellatrix Lestrange
89%
17:15 Luna Lovegood
89%
16:00 Dolores Umbridge
87%
11:15 Dobby
86%
3:30 Alastor "Mad-Eye" Moody
85%
1:45 Bill Weasley
85%
8:15 Cedric Diggory
84%
6:30 Fleur Delacour
84%
2:45 James Potter
84%
4:00 Lily Potter
84%
5:00 Percy Weasley
84%
5:15 Viktor Krum
83%
9:45 Dudley Dursley
81%
5:30 Gregory Goyle
81%
9:45 Seamus Finnigan
81%
11:00 Vernon Dursley
81%
6:45 Cho Chang
80%
6:45 Dean Thomas
80%
10:30 Gilderoy Lockhart
80%
8:15 Petunia Dursley
80%
16:15 Barty Crouch Jr
79%
5:15 Barty Crouch Sr.
79%
5:00 Nymphadora Tonks
79%
8:15 Peter Pettigrew
79%
4:15 Vincent Crabbe
79%
5:15 Filius Flitwick
78%
6:45 Narcissa Malfoy
78%
18:45 Horace Slughorn
76%
9:15 Cornelius Fudge
74%
7:00 Quirinus Quirrell
70%
5:30 Lavender Brown
68%
2:00 Pomona Sprout
68%
4:30 Oliver Wood
67%
5:00 Sybil Trelawney
65%
8:00 Argus Filch
64%
3:00 Kreacher
63%
4:45 Parvati Patil
63%
4:30 Kingsley Schacklebolt
62%
3:15 Igor Karkaroff
61%
4:45 Padma Patil
61%
2:45 Katie Bell
58%
1:45 Angelina Johnson
57%
1:15 Colin Creevey
56%
5:00 Xenophilius Lovegood
56%
3:30 Aberforth Dumbledore
55%
3:15 Olympe Maxime
55%
1:45 Fenrir Greyback
54%
2:15 Madame Pomfrey
53%
2:45 Marge Dursley
51%
1:30 Amos Diggory
50%
2:30 Rufus Scrimgeour
50%
7:15 Griphook
49%
1:30 Nearly-headless Nick
49%
1:45 Rolanda Hooch
49%
7:15 Garrick Olivander
47%
2:30 Blaise Zabini
46%
1:00 Lee Jordan
46%
3:00 Mundungus Fletcher
46%
3:30 Rita Skeeter
46%
1:30 Firenze
42%
2:45 Moaning Myrtle
42%
2:30 Cormac McLaggen
40%
1:30 Aragog
39%
2:00 Stan Shunpike
38%
2:00 Corban Yaxley
37%
1:15 Alicia Spinnet
36%
1:30 Arabella Figg
36%
2:15 Helena Ravenclaw
34%
1:45 Grawp
33%
1:00 Fat Lady in Painting
32%
1:00 Pius Thicknesse
30%
1:00 Elphias Doge
28%
1:45 Romilda Vane
26%
2:00 Alecto Carrow
25%
2:00 Amycus Carrow
24%
1:45 Mary Cattermole
23%
3:30 Antioch Scabior
16%
3:00 Nigel Wolpert
16%
3:00 Bogrod
14%
1:45 Albus Severus Potter
12%
3:00 Sorting Hat
12%
No matching quizzes found
Score Distribution
Percent of People with Each Score
Percentile by Number Answered
Your Score History
You have not taken this quiz